| 000 | 02361cam a2200433 i 4500 | ||
|---|---|---|---|
| 001 | 10753329 | ||
| 003 | ARRUPE | ||
| 005 | 20160210104900.0 | ||
| 008 | 130927s2014 nyu b 001 0 eng | ||
| 010 | _a 2013024678 | ||
| 020 | _a9781626980693 (pbk.) | ||
| 020 | _a1626980691 (pbk.) | ||
| 020 | _a9781626980570 (pbk.) | ||
| 020 | _a1626980578 (pbk.) | ||
| 024 | _a40023528011 | ||
| 035 |
_a(OCoLC)859252824 _z(OCoLC)858900889 |
||
| 035 | _a(OCoLC)ocn859252824 | ||
| 035 | _a(NNC)10753329 | ||
| 040 |
_aDLC _beng _erda _cDLC _dBTCTA _dOCLCO _dDGT _dCDX _dYDXCP |
||
| 042 | _apcc | ||
| 050 | 0 | 0 |
_aBS651 _b.I64 2013 |
| 082 | 0 | 0 |
_a261.5/5 _223 |
| 100 |
_aDelio, Ilia _922206 |
||
| 245 | 0 | 0 |
_aFrom Teilhard to Omega : _bco-creating an unfinished universe / _cIlia Delio, editor. |
| 260 |
_aNew York _bOrbis Books _c2013 |
||
| 300 |
_a263 p. ; _c24 cm. |
||
| 504 | _aIncludes bibliographical references and index. | ||
| 505 | 0 | _aTeilhard de Chardin : theology for an unfinished universe / John F. Haught -- Sophia : catalyst for creative union and divine love / Kathleen Duffy, SSJ -- Evolution and the rise of the secular god / Ilia Delio, OSF -- Teilhard's vision as agenda for Rahner's Christology / Denis Edwards -- Humanity reveals the world / François Euvé, SJ -- The integral visions of Teilhard and Lonergan : science, the universe, humanity, and God / Patrick H. Byrne -- Metaphysics, morality, and politics / David Grumett -- Teilhard, Medawar, and the new atheism / Donald Wayne Viney -- An evolving Christian morality : Eppur si muove / Edward Vacek, SJ -- Teilhard de Chardin and the new spirituality / William D. Dinges and Ilia Delio, OSF -- The zest for life : a contemporary exploration of a generative theme in Teilhard's work / Ursula King -- Teilhard de Chardin : the empiricle mystic / John C. Haughey, SJ -- Teilhard de Chardin : new tools for an evolutive theory of the biosphere / Ludovico Galleni. | |
| 600 | 1 | 0 |
_aTeilhard de Chardin, Pierre. _922207 |
| 650 | 0 |
_aCreationism. _922208 |
|
| 650 | 0 |
_aCreation. _922209 |
|
| 650 | 0 |
_aEvolution (Biology) _xReligious aspects _xChristianity. _915008 |
|
| 650 | 0 |
_aEvolution _xReligious aspects _xChristianity. _94507 |
|
| 700 | 1 |
_aDelio, Ilia, _eeditor. _922206 |
|
| 942 |
_2lcc _cMONOGRAPH |
||
| 948 | 1 |
_a20140429 _bc _cybp22 _dMPS |
|
| 949 | _i0073814377 | ||
| 999 |
_c124141 _d124141 |
||